000 00427nam a2200181Ia 4500
001 21320
005 20260306172910.0
008 260306t2007||||xx |||||||||||||| ||spa||
041 _aESP
082 _a344.525
_bR77
100 _aRojas Vargas, Fidel [1958-...]
_eAUT
245 0 _aEl delito de robo
260 _c2007
300 _a181 páginas :
_c24 cm.
650 _aGEN
654 _aCDE
942 _cLIB
_dJUS
_fJUS
_2ddc
_n
999 _c21320
_d21320